| 000 | 00803cam a2200205 a 4500 | ||
|---|---|---|---|
| 020 | _a0805014675 (alk. paper) | ||
| 082 | 0 | 0 |
_a926.1 _aSCH |
| 100 | 1 |
_aSchweitzer, Albert, _950497 |
|
| 245 | 1 | 0 |
_aOut of my life and thought : _ban autobiography / _cAlbert Schweitzer ; newly translated by A.B. Lemke ; preface by Rhena Schweitzer Miller and A.B. Lemke. |
| 260 |
_aNew York : _bH. Holt, _cc1990. |
||
| 300 |
_axii, 272 p. [8] p. of plates : _bill. ; _c22 cm. |
||
| 500 | _aIncludes index. | ||
| 500 | _aTranslation of: Aus meinem Leben und Denken. | ||
| 526 |
_a0 _b0 _c0 _d926_000000000000000_1SCH |
||
| 650 | 0 |
_aMCE _9379 |
|
| 650 | 0 |
_aMissionaries, Medical _zGabon _zLambaréné (Moyen-Ogooué) _950498 |
|
| 650 | 0 |
_aMusicians _zEurope _950499 |
|
| 650 | 0 |
_aTheologians _zEurope _950500 |
|
| 942 |
_2ddc _cBK |
||
| 999 |
_c553237 _d553237 |
||